01653nam a22003017a 4500003000400000005001700004007000300021008004100024020001800065040002500083041000800108082002300116100003300139245010600172260004600278300003600324500006700360504003100427505031100458590002700769650006400796910003700860942001400897952013800911952014301049952014201192999001701334OSt20220531084009.0ta210218e2020 dr o|||fr|||| 001 0dspa d a9789945805499 aDO-SdBNPbspacBNPHU hspa 4a769.566bS433r2221 aSolano, Sócrates S.97784810aRepública Dominicana :bun viaje a través de postales antiguas 1900-1930 /cSócrates S. Solano. aSanto Domingo :bAmigos del Hogar,c2020. a317 p. :bil, retrs. ; c24 cm. aLa biblioteca posee 1 ejemplar autografiado por el autor (e.2) aBibliografía: p. 317-3180 aPresentación.tIntroducción -- tTarjetas postales (1900-1930). --tSanto Domingo -- San Pedro de Macorís -- Samaná -- San Francisco de Macorís -- La Vega -- Santiago -- Puerto Plata -- Montecristi -- Intervención militar norteamericana (1916-1924) -- Ciclón San Zenón -- Bibliografía.  aInventariado, 2021/MFF 4aTarjetas postaleszRepública Dominicanay1900-1930979233 aValidado. Control de calidad MFF 2ddccLBS1 00102ddc51718PDaBNPHUbPDcHDd2020-02-04eDepósito legall0oBNPHU PD 769.566 S433rp2021-0291r2021-02-18w2021-02-18yLFPD 00102ddc51728PDaBNPHUbPDcHDd2020-04-04eDepósito legall0oBNPHU PD 769.566 S433rp2021-0292r2021-02-18te.2w2021-02-18yLFPD 00102ddc56708DSaBNPHUbDOcHDd2020-02-04eDepósito legall0oBNPHU DS 769.566 S433rp2021-0293r2021-02-18te.3w2021-02-18yLFDS c49409d49409